000 00370nam a2200145Ia 4500
008 230917s9999||||xx |||||||||||||| ||und||
040 _e247041
_aMAIN
041 _aEnglish
082 _a346.086 D137I
100 _aDahiya, Deepika
245 0 _aInsurance market in India and it's contribution to economic growth
260 _c2016
300 _a93 p.
942 _cTH
999 _c127867
_d127867